01384nam a2200313 i 450000100060000000300090000600500170001500700030003200800410003508000330007610000230010924501770013226000310030930000490034049000520038960000380044161000480047961000440052765500400057170000420061171000400065383000490069385200680074285200680081085200320087885200670091085600750097785700180105216979ES-MaACL20250624062844.0t|001127s1958 sp ||||1| spa d a75 Manrique, César (064.3)1 aManrique, César.13aLa fase austera de César Manrique b: [exposición, Sala del Prado del Ateneo de Madrid, 18 de noviembre-1 de diciembre de 1958] / c[texto de] Juan Antonio Gaya Nuño. aMadrid : bAteneo, c1958. a[32] p. : bprincipalmente il. n. ; c22 cm.1 aCuadernos de arte. Colección ordinaria ; v3814aManrique, César-xExposiciones.24aAteneo de Madrid-vExposiciones-y1950-19592 aAteneo de Madrid-vObras digitalizadas. 72tgfbneaCatálogos de exposiciones0 aGaya Nuño, Juan Antonio,d1913-19762 aAteneo de Madrid. bSala del Prado.0 aCuadernos de arte. Colección ordinariav38 aES-MaACLj2160-F-11 cDEPOFzRevisado enlace: 03 de Myo de 2025 aES-MaACLj2189-F-26 cDEPOFzRevisado enlace: 03 de Myo de 2025 aES-MaACLjG-13293(12)cSPD3 aES-MaACLj2255-F-21cDEPOFzRevisado enlace: 03 de Myo de 20254 uhttp://www.ateneodemadrid.com/biblioteca_digital/folletos/CACo-038.pdf zVer documento